000 00352nam a22001577a 4500
005 20160622115510.0
008 160622b xxu||||| |||| 00| 0 eng d
041 _aeng
082 _b8989
100 _aBhat, K Sridhar
_92487
245 _aTotal Quality Management
260 _bHPH
_c2007
300 _a748
650 _aManagement
_9241
942 _cBK
999 _c3537
_d3536